Sulida Baleya Hanninandadi (Record no. 231913)
[ view plain ]
| 000 -LEADER | |
|---|---|
| fixed length control field | 04470nam a22002417a 4500 |
| 005 - DATE AND TIME OF LATEST TRANSACTION | |
| control field | 20250408090219.0 |
| 008 - FIXED-LENGTH DATA ELEMENTS--GENERAL INFORMATION | |
| fixed length control field | 241113b ||||| |||| 00| 0 eng d |
| 040 ## - CATALOGING SOURCE | |
| Transcribing agency | AL |
| 041 ## - LANGUAGE CODE | |
| Language code of text/sound track or separate title | Kannada |
| 082 ## - DEWEY DECIMAL CLASSIFICATION NUMBER | |
| Edition number | 23 |
| Classification number | K894.1 |
| Item number | VENS |
| 100 ## - MAIN ENTRY--PERSONAL NAME | |
| Personal name | Venkatesh Machaknur |
| 100 ## - MAIN ENTRY--PERSONAL NAME | |
| 9 (RLIN) | 207819 |
| 100 ## - MAIN ENTRY--PERSONAL NAME | |
| Numeration | ವೆಂಕಟೇಶ ಮಾಚಕನೂರ |
| 9 (RLIN) | 207820 |
| 245 ## - TITLE STATEMENT | |
| Title | Sulida Baleya Hanninandadi |
| Remainder of title | ಸುಲಿದ ಬಾಳೆಯ ಹಣ್ಣಿನಂದದಿ |
| 260 ## - PUBLICATION, DISTRIBUTION, ETC. | |
| Place of publication, distribution, etc. | Dharwad ಧಾರವಾಡ |
| Name of publisher, distributor, etc. | Karnataka vidyavardhak Sangha ಕರ್ನಾಟಕ ವಿದ್ಯಾವರ್ಧಕ ಸಂಘ |
| Date of publication, distribution, etc. | 2024 |
| 300 ## - PHYSICAL DESCRIPTION | |
| Extent | 366 p. |
| Other physical details | HB |
| Dimensions | 23x15 cm. |
| 365 ## - TRADE PRICE | |
| Price type code | BLCR-045 |
| Price amount | ₹280.00 |
| Currency code | ₹ |
| Unit of pricing | ₹350.00 |
| Price note | 20% |
| Price effective from | 11-11-2024 |
| 520 ## - SUMMARY, ETC. | |
| Summary, etc. | ಪರಿವಿಡಿ<br/>೧. ಶ್ರೀವಿಜಯನ ಕವಿರಾಜಮಾರ್ಗ-ಡಾ. ಡಿ.ಎಂ. ಹಿರೇಮಠ<br/>೨. ವಡ್ಡಾರಾಧನೆ : ಕಾರ್ತಿಕ ಋಷಿಯ ಕಥೆ-ಡಾ. ಕೆ.ಆರ್. ದುರ್ಗಾದಾಸ್<br/>೩ ಪಂಪಭಾರತದ ರಸವತ್ತಾದ ಪ್ರಸಂಗಗಳು-ಪ್ರೊ. ಶಾಂತಿನಾಥ ದಿಬ್ಬದ<br/>೪. ಮಹಾಕವಿ ಪಂಪನ ಆದಿಪುರಾಣ-ಡಾ. ಎಸ್. ಶಿವಾನಂದ<br/>೫. ಪೊನ್ನನ ಶಾಂತಿಪುರಾಣ : ರಸ ಪ್ರಸಂಗಗಳು-ಡಾ. ಪಿ.ಜಿ. ಕೆಂಪಣ್ಣವರ<br/>೬ ರನ್ನ ಕವಿಯ ಸಾಹಸಭೀಮ ವಿಜಯ-ಡಾ. ಬಾಳಣ್ಣ ಶೀಗೀಹಳ್ಳಿ<br/>7.ಕಾವ್ಯ ಪರಂಪರೆಗೆ ಬೆಳಕಾದ ರಾಮಚಂದ್ರಚರಿತ ಪುರಾಣ-ಡಾ. ವಿನಯಾ ಒಕ್ಕುಂದ<br/>೮. ನಯಸೇನನ ಧರ್ಮಾಮೃತ-ಡಾ. ರಾಜಶೇಖರ ಜಮದಂಡಿ<br/>೯. ಹರಿಹರನ 'ಗಿರಿಜಾಕಲ್ಯಾಣ' ರಸಸ್ವಾದನೆ-ಡಾ. ಶಾಂತಾ ಇಮ್ರಾಪೂರ<br/>೧೦. ಹರಿಹರ-ಕನ್ನಡ ಪ್ರಜ್ಞೆಯ ಹುಡುಕಾಟದಲ್ಲಿ-ಡಾ. ಗುರುಪಾದ ಮರಿಗುದ್ದಿ<br/>೧೧. ರಾಘವಾಂಕನ ಹರಿಶ್ಚಂದ್ರ ಕಾವ್ಯ-ಡಾ. ವಿ.ಎಸ್. ಮಾಳಿ<br/>೧೨. ಸೃಷ್ಟಿಶೀಲ ಶೃಂಗಾರ ವಸಂತಗಳ ಸಮೀಕರಣದ ಕಬ್ಬಿಗರ ಕಾವ-ರಂಗನಾಥ ಕಂಟನಕುಂಟೆ<br/>೧೩. ಯಶೋಧರ ಚರಿತೆ-ಡಾ. ರಾಮಕೃಷ್ಣ ಮರಾಠ<br/>೧೪. ಪ್ರಭುಲಿಂಗಲೀಲೆ-ಡಾ. ಬಸವರಾಜ ಜಗಜಂಪಿ<br/>೧೫. ಕುಮಾರವ್ಯಾಸ ಭಾರತ : ವಿನೂತನ ಕಥನ -ಡಾ. ಶ್ರೀರಾಮ ಭಟ್ಟ<br/>೧೬. ಕುಮಾರವ್ಯಾಸ ಭಾರತದ ಆಯ್ದ ರಸ ಪ್ರಸಂಗಗಳು-ಡಾ. ಶಂಭು ಬಳಿಗಾರ<br/>೧೭. ಷಡಕ್ಷರದೇವನ ಶಬರ ಶಂಕರ ವಿಳಾಸ-ಡಾ. ವೈ.ಎಂ. ಯಾಕೊಳ್ಳಿ<br/>೧೮. ಷಡಕ್ಷರದೇವನ ರಾಜಶೇಖರ ವಿಳಾಸಂ-ಡಾ. ಎಂ.ಬಿ. ಹೂಗಾರ<br/>೧೯. ತೊರವೆ ರಾಮಾಯಣ : ಒಂದು ರಸಯಾತ್ರೆ -ಡಾ. ಶ್ರೀಧರ ಹೆಗಡೆ ಭದ್ರನ್<br/>೨೦. ಲಕ್ಷ್ಮೀಶನ ಜೈಮಿನಿ ಭಾರತ : ಒಂದು ಚಿಂತನೆ -ಡಾ. ಈರಣ್ಣ ಇಂಜಗನೇರಿ<br/>೨೧. ರತ್ನಾಕರವರ್ಣಿ : ಭರತೇಶ ವೈಭವ-ಡಾ. ಅಶೋಕ ನರೋಡೆ<br/>೨೨. ನಂಜುಂಡ ಕವಿಯ ಕುಮಾರರಾಮ ಸಾಂಗತ್ಯ-ಡಾ. ವೈ.ಎಂ. ಯಾಕೊಳ್ಳಿ<br/>೨೩. ಮಹಲಿಂಗರಂಗನ ಅನುಭವಾಮೃತ-ಡಾ. ಗುರುಪಾದ ಘಿವಾರಿ<br/>೨೪. ಶೂನ್ಯಸಂಪಾದನೆಗಳು-ಡಾ. ವೀರಣ್ಣ ರಾಜೂರ<br/>೨೫. ಮುದ್ದಣನ ಶ್ರೀರಾಮಾಶ್ವಮೇಧಂ -ಡಾ. ಚಿದಾನಂದ ಮಾಸನಕಟ್ಟಿ<br/>೨೬. ಮುದ್ರಾಮಂಜೂಷ ಮತ್ತು ಪ್ರಭುತ್ವ ವಿಮರ್ಶೆ -ಡಾ. ರಹಮತ್ ತರೀಕೆರೆ<br/> |
| 650 ## - SUBJECT ADDED ENTRY--TOPICAL TERM | |
| Topical term or geographic name entry element | A Collection of aricles on classical kannada literature |
| 9 (RLIN) | 185300 |
| 650 ## - SUBJECT ADDED ENTRY--TOPICAL TERM | |
| Topical term or geographic name entry element | ಪ್ರಾಚೀನ ಕನ್ನಡ ಕಾವ್ಯಗಳ ರಸಾಸ್ವಾದನೆ |
| 9 (RLIN) | 185301 |
| 700 ## - ADDED ENTRY--PERSONAL NAME | |
| Personal name | VENKATESH MACHAKNUR |
| 9 (RLIN) | 185302 |
| 700 ## - ADDED ENTRY--PERSONAL NAME | |
| Personal name | Chidananda Masanakatti ಚಿದಾನಂದ ಮಾಸನಕಟ್ಟಿ |
| 9 (RLIN) | 185303 |
| 942 ## - ADDED ENTRY ELEMENTS (KOHA) | |
| Source of classification or shelving scheme | Dewey Decimal Classification |
| Koha item type | Book |
| Withdrawn status | Lost status | Source of classification or shelving scheme | Damaged status | Not for loan | Collection code | Home library | Current library | Date acquired | Source of acquisition | Cost, normal purchase price | Total Checkouts | Full call number | Barcode | Date last seen | Cost, replacement price | Price effective from | Koha item type |
|---|---|---|---|---|---|---|---|---|---|---|---|---|---|---|---|---|---|
| Dewey Decimal Classification | Kannada | St Aloysius Library | St Aloysius Library | 11/13/2024 | Navakarnataka Publications Pvt Ltd Mangaluru-575001 | 280.00 | K894.1 VENS | 077369 | 11/13/2024 | 350.00 | 11/13/2024 | Book |